00519cam a22001337a 4500008004000000082001700040245009400057260005200151300000900203650002300212700004300235999001900278952008800297180718b1962 xxu||||| |||| 00| 0 eng d aQ433x73 C436 aResearch perspectives on the unmarried mothercby Child Welfare League of America, U.S.A. aNew YorkbChild Welfare League of Americac1962 a39p. aIllegitimacy - USA aU.S.A. Child Welfare League of America c362225d362225 00104070aIIPAbIIPAd1994-03-22oQ433x73 C436p34264r2018-07-21w2018-07-21yBK